000 00615nam a2200217Ia 4500
003 GCL
008 140319s9999 xx 000 0 ara d
040 _aGCL /
_cGCL
082 0 4 _a938.07
_bا ن
100 1 _aطه حسين
245 1 0 _aنظام الاتينيين لارسططاليس /
_cطه حسين
700 1 _aارسطوطاليس
300 _a163 ص
490 _a100 قصة
_v0
650 0 4 _aاليونان
650 0 4 _aالحضارة اليونانية
650 0 4 _aاثينا
650 0 4 _aالحضارة اليابانية
650 0 4 _aالتاريخ اليونانى
942 _2ddc
_cBK
999 _c45642
_d45642